[Event "Copenhagen Chess Challenge 2012"]
[Site "Ballerup"]
[Date "2012.??.??"]
[Round "7"]
[White "Yildiz, Hasan"]
[Black "Brondt, Nicolai Kvist"]
[Result "1-0"]
[WhiteElo "2032"]
[BlackElo "2138"]
[PlyCount "79"]
[EventDate "2012.??.??"]
[EventType "swiss"]
[EventRounds "9"]
[EventCountry "DEN"]

1. Nf3 d5 2. d3 Nf6 3. g3 c6 4. Bg2 Nbd7 5. Nbd2 e5 6. e4 Bd6 7. O-O O-O 8. Re1
Qc7 9. c3 Re8 10. Qc2 a5 11. a4 b6 12. Nb3 Ba6 13. Bg5 Bf8 14. Bxf6 Nxf6 15.
exd5 cxd5 16. c4 Rac8 17. Nbd2 Bb4 18. b3 e4 19. dxe4 dxe4 20. Ng5 Bb7 21. Rad1
h6 22. Ngxe4 Bxe4 23. Bxe4 Rcd8 24. Bd3 Rxe1+ 25. Rxe1 Qd7 26. Re3 Bxd2 27.
Qxd2 Ng4 28. Re4 f5 29. Re1 Qxd3 30. Re8+ Kh7 31. Rxd8 Qxb3 32. Qd3 Qxd3 33.
Rxd3 Ne5 34. Rc3 Nd7 35. Rb3 Kg6 36. Rd3 Ne5 37. Rd6+ Kf7 38. Rxb6 Nxc4 39. Rb5
Ke6 40. Rc5 1-0

[Event "Copenhagen Chess Challenge 2012"]
[Site "Ballerup"]
[Date "2012.??.??"]
[Round "7"]
[White "Schmidt, Horst Hubert"]
[Black "Maack, Kjartan"]
[Result "0-1"]
[WhiteElo "1850"]
[BlackElo "2133"]
[PlyCount "76"]
[EventDate "2012.??.??"]
[EventType "swiss"]
[EventRounds "9"]
[EventCountry "DEN"]

1. e4 e6 2. Nc3 d5 3. exd5 exd5 4. d4 c6 5. Bd3 Bd6 6. Nge2 Qc7 7. Ng3 Be6 8.
O-O Ne7 9. Bg5 Nd7 10. Bxe7 Bxe7 11. f4 g6 12. f5 gxf5 13. Bxf5 O-O-O 14. Bxe6
fxe6 15. Rf7 Bd6 16. Nce2 h5 17. Qd3 h4 18. Nf1 e5 19. dxe5 Qb6+ 20. Kh1 Nxe5
21. Qf5+ Kb8 22. Rh7 Rhf8 23. Qg5 Qxb2 24. Qc1 Qxc1 25. Rxc1 Ng4 26. c3 Rf2 27.
Rxh4 Rdf8 28. Nfg3 Ne3 29. Rb1 Bxg3 30. Nxg3 Rxa2 31. Rh7 b6 32. Re7 Nxg2 33.
Ne2 Nh4 34. Nd4 Rff2 35. Nxc6+ Ka8 36. Re8+ Kb7 37. Nd8+ Ka6 38. Kg1 Nf3+ 0-1

[Event "Copenhagen Chess Challenge 2012"]
[Site "Ballerup"]
[Date "2012.??.??"]
[Round "7"]
[White "Pedersen, Sven"]
[Black "Vesterli, Michael E"]
[Result "1-0"]
[WhiteElo "2125"]
[BlackElo "2030"]
[PlyCount "81"]
[EventDate "2012.??.??"]
[EventType "swiss"]
[EventRounds "9"]
[EventCountry "DEN"]

1. e4 c5 2. Nf3 d6 3. d4 cxd4 4. Nxd4 Nf6 5. Nc3 Nc6 6. Bb5 Bd7 7. O-O e6 8.
Re1 Be7 9. Bxc6 bxc6 10. Nf3 O-O 11. e5 Nd5 12. exd6 Bxd6 13. Ne4 Be7 14. c4
Nb6 15. b3 f6 16. Bb2 e5 17. h3 Qb8 18. Qe2 a5 19. a4 Be6 20. Bc3 Nd7 21. Rab1
Qb6 22. g4 Kh8 23. Red1 Rfb8 24. Nd6 Qc7 25. Nf5 Bb4 26. Ba1 Rb7 27. N3d4 Nc5
28. Nxe6 Nxe6 29. Qe4 Rab8 30. h4 Bf8 31. Ng3 Rxb3 32. Rxb3 Rxb3 33. Qf5 Nf4
34. g5 Qb6 35. gxf6 Rxg3+ 36. Kf1 Qc5 37. fxg3 Qxc4+ 38. Kg1 g6 39. Qxf4 Bc5+
40. Kh1 Bd4 41. Rxd4 1-0

[Event "Copenhagen Chess Challenge 2012"]
[Site "Ballerup"]
[Date "2012.??.??"]
[Round "7"]
[White "Jorgensen, Carina Eilegaard"]
[Black "Nielsen, Klaus"]
[Result "1-0"]
[WhiteElo "2028"]
[BlackElo "2092"]
[PlyCount "65"]
[EventDate "2012.??.??"]
[EventType "swiss"]
[EventRounds "9"]
[EventCountry "DEN"]

1. f4 d5 2. Nf3 g6 3. g3 Bg7 4. Bg2 c6 5. Nc3 b5 6. O-O Nh6 7. Qe1 O-O 8. e4 b4
9. Nd1 Qb6+ 10. Kh1 dxe4 11. Qxe4 Re8 12. Ne3 Bb7 13. Ne5 Qc7 14. Qxb4 a5 15.
Qe4 Na6 16. d4 f5 17. Qd3 e6 18. Bd2 Rad8 19. N3c4 Nb4 20. Qc3 c5 21. dxc5
Bxg2+ 22. Kxg2 Qxc5 23. Kh3 Ng4 24. Nxa5 Rxd2 25. Qxd2 Qxa5 26. a3 Rd8 27. Qxb4
Qa7 28. Nc6 Qa8 29. Nxd8 Ne3 30. Rf2 Qxd8 31. Re1 Ng4 32. Rd2 Qe8 33. Qd6 1-0

[Event "Copenhagen Chess Challenge 2012"]
[Site "Ballerup"]
[Date "2012.??.??"]
[Round "7"]
[White "Ulrich, Thomas"]
[Black "Haubro, Sigfred"]
[Result "0-1"]
[WhiteElo "1933"]
[BlackElo "2135"]
[PlyCount "92"]
[EventDate "2012.??.??"]
[EventType "swiss"]
[EventRounds "9"]
[EventCountry "DEN"]

1. e4 d5 2. exd5 Qxd5 3. Nf3 Bg4 4. Be2 e6 5. d4 Nf6 6. c4 Qd8 7. O-O Be7 8.
Nc3 O-O 9. h3 Bxf3 10. Bxf3 c6 11. Be3 Nbd7 12. Qb3 Qc8 13. Rad1 Re8 14. d5 Ne5
15. Be2 Bf8 16. Bd4 Ng6 17. Bxf6 gxf6 18. Ne4 Kg7 19. Qc3 e5 20. d6 Qf5 21. Ng3
Qg5 22. Bg4 Nf4 23. Qe3 Kh8 24. Ne4 Qg6 25. Ng3 h5 26. Bf5 Qg5 27. Be4 Rad8 28.
c5 Bh6 29. Kh2 Rg8 30. Rg1 h4 31. Nf5 Qh5 32. Nxh6 Qxh6 33. Bf3 Qh7 34. Qe4 Qh6
35. Rc1 Rg5 36. Rc4 Qg7 37. Bg4 Qh7 38. Qxh7+ Kxh7 39. Rb4 b6 40. cxb6 axb6 41.
Rxb6 Rxd6 42. Bf3 Rd2 43. a4 Rxf2 44. a5 Rg3 45. Kh1 Rfxf3 46. gxf3 Rxh3# 0-1

[Event "Copenhagen Chess Challenge 2012"]
[Site "Ballerup"]
[Date "2012.??.??"]
[Round "7"]
[White "Johansen, Johnny Holler"]
[Black "Eriksson, Christian Altenburg"]
[Result "0-1"]
[WhiteElo "1967"]
[BlackElo "2149"]
[PlyCount "160"]
[EventDate "2012.??.??"]
[EventType "swiss"]
[EventRounds "9"]
[EventCountry "DEN"]

1. e4 c5 2. Nf3 Nc6 3. d4 cxd4 4. Nxd4 e5 5. Nb5 d6 6. a4 Nf6 7. N1c3 a6 8. Na3
Be6 9. Bc4 Be7 10. Bg5 O-O 11. Bxf6 Bxf6 12. Nd5 Bg5 13. O-O Rc8 14. c3 Kh8 15.
Qe2 Ne7 16. Rad1 Nxd5 17. Bxd5 Qd7 18. Nc4 Bxd5 19. Rxd5 Rc5 20. Rfd1 Rxd5 21.
Rxd5 Be7 22. Qd1 Qc6 23. Nxd6 g6 24. c4 Bxd6 25. Rxd6 Qxc4 26. f3 Kg7 27. h3 h5
28. Kh2 Re8 29. Rd7 b5 30. axb5 Qxb5 31. Qd5 Qxd5 32. Rxd5 Rb8 33. Rd2 h4 34.
Kg1 Kf6 35. Kf2 Kg5 36. Rc2 Kf4 37. Rd2 Rb7 38. Rc2 Rb4 39. Rd2 f5 40. exf5
gxf5 41. Rc2 a5 42. Rd2 e4 43. fxe4 fxe4 44. Rc2 a4 45. Ke2 Ke5 46. Ke3 Rb3+
47. Ke2 Kd4 48. Kd2 Rg3 49. Ke1 e3 50. Kd1 Rg7 51. Ke1 Rf7 52. Rc8 Rf2 53. Ra8
Rxg2 54. Rxa4+ Kd3 55. Ra3+ Ke4 56. Ra8 Rxb2 57. Re8+ Kf4 58. Rf8+ Ke4 59. Re8+
Kf3 60. Rf8+ Kg3 61. Re8 Kxh3 62. Rxe3+ Kg2 63. Re8 Rb3 64. Re2+ Kg1 65. Re8
Rg3 66. Rf8 Re3+ 67. Kd2 Re4 68. Kd3 Rg4 69. Ke2 h3 70. Rf1+ Kg2 71. Rf2+ Kg3
72. Rf3+ Kh4 73. Rf2 Re4+ 74. Kf3 Re8 75. Ra2 Rf8+ 76. Ke3 Kg3 77. Ra7 Re8+ 78.
Kd4 Rh8 79. Ke3 h2 80. Rg7+ Kh3 0-1

[Event "Copenhagen Chess Challenge 2012"]
[Site "Ballerup"]
[Date "2012.??.??"]
[Round "7"]
[White "Haubro, Martin"]
[Black "Pallesen, Jacob"]
[Result "1-0"]
[WhiteElo "2092"]
[BlackElo "1985"]
[PlyCount "63"]
[EventDate "2012.??.??"]
[EventType "swiss"]
[EventRounds "9"]
[EventCountry "DEN"]

1. e4 c5 2. c3 d6 3. Bd3 Nf6 4. Bc2 Bg4 5. f3 Bd7 6. d4 e5 7. d5 Be7 8. Ne2 b5
9. O-O Qb6 10. Be3 Bc8 11. b4 Nbd7 12. a4 Ba6 13. Na3 bxa4 14. Bxa4 O-O 15. Bc6
Rab8 16. b5 Bc8 17. Nc4 Qc7 18. Qd3 Nb6 19. Nd2 Bd7 20. c4 Bxc6 21. bxc6 Ra8
22. Ra6 Ne8 23. Ng3 g6 24. Bh6 Ng7 25. Rfa1 Rfb8 26. Ne2 Nc8 27. f4 f6 28. fxe5
fxe5 29. Nc3 Bd8 30. Nb5 Qe7 31. Nf3 Bb6 32. Ng5 1-0

[Event "Copenhagen Chess Challenge 2012"]
[Site "Ballerup"]
[Date "2012.??.??"]
[Round "7"]
[White "Percivaldi, Martin"]
[Black "Andersen, Kim Nyvang"]
[Result "1/2-1/2"]
[WhiteElo "1938"]
[BlackElo "2009"]
[PlyCount "62"]
[EventDate "2012.??.??"]
[EventType "swiss"]
[EventRounds "9"]
[EventCountry "DEN"]

1. d4 Nf6 2. c4 e6 3. Nf3 c5 4. d5 b5 5. e3 g6 6. b3 Bg7 7. Bb2 O-O 8. dxe6
fxe6 9. cxb5 a6 10. Nbd2 Qa5 11. bxa6 Nxa6 12. Be2 d5 13. O-O Nd7 14. Bxg7 Kxg7
15. Qc2 Qd8 16. Qb2+ Qf6 17. Qxf6+ Kxf6 18. a3 Nc7 19. Rfd1 Ba6 20. Bxa6 Rxa6
21. a4 Rb8 22. Kf1 Rb4 23. Rac1 Ra7 24. Ne1 Na6 25. Nd3 Rb8 26. Ke2 Rc7 27. Rc2
Nb4 28. Nxb4 Rxb4 29. Rdc1 Ke7 30. f3 Kd6 31. f4 Nf6 1/2-1/2

[Event "Copenhagen Chess Challenge 2012"]
[Site "Ballerup"]
[Date "2012.??.??"]
[Round "7"]
[White "Wilbrandt, Simon Pil"]
[Black "Tandrup, Michael"]
[Result "1-0"]
[WhiteElo "1949"]
[BlackElo "1967"]
[PlyCount "113"]
[EventDate "2012.??.??"]
[EventType "swiss"]
[EventRounds "9"]
[EventCountry "DEN"]

1. e4 e6 2. d3 d5 3. Nd2 b6 4. Ngf3 dxe4 5. dxe4 Bb7 6. g3 Nf6 7. Qe2 Be7 8.
Bg2 O-O 9. O-O c5 10. e5 Nfd7 11. Ne4 Qc7 12. Bf4 Ba6 13. c4 Bb7 14. h4 Nc6 15.
Neg5 Bxg5 16. Nxg5 Nd4 17. Qh5 h6 18. Ne4 g6 19. Qxh6 Bxe4 20. Bxe4 Ne2+ 21.
Kh2 Rad8 22. Bxg6 fxg6 23. Qxg6+ Kh8 24. Qh5+ Kg8 25. Qxe2 Rf5 26. Rad1 Nf8 27.
Rxd8 Qxd8 28. Rd1 Qe7 29. Kg1 Rxf4 30. gxf4 Qxh4 31. Qf3 Ng6 32. Qg3 Qh5 33.
Rd8+ Kf7 34. Rd7+ Kf8 35. Qg2 Ke8 36. Rg7 Qd1+ 37. Kh2 Qh5+ 38. Qh3 Qxh3+ 39.
Kxh3 Nxf4+ 40. Kh4 Nd3 41. b3 a6 42. Rb7 b5 43. cxb5 axb5 44. Rxb5 Nxe5 45.
Rxc5 Nd3 46. Rc2 Ne1 47. Re2 Nf3+ 48. Kg3 Nd4 49. Re4 Nf5+ 50. Kf4 Ke7 51. Ke5
Nd6 52. Rf4 Nb7 53. b4 Nd8 54. b5 Nb7 55. Rh4 Nc5 56. Rh7+ Kd8 57. f3 1-0

[Event "Copenhagen Chess Challenge 2012"]
[Site "Ballerup"]
[Date "2012.??.??"]
[Round "7"]
[White "Kallenbach, Uffe"]
[Black "Andersen, Daniel"]
[Result "0-1"]
[WhiteElo "1643"]
[BlackElo "1895"]
[PlyCount "44"]
[EventDate "2012.??.??"]
[EventType "swiss"]
[EventRounds "9"]
[EventCountry "DEN"]

1. d4 Nf6 2. Nf3 g6 3. Nbd2 d5 4. c4 e6 5. Qc2 Bg7 6. e4 O-O 7. e5 Nfd7 8. cxd5
exd5 9. Nb3 h6 10. Bd3 b6 11. O-O Na6 12. Qe2 Nb4 13. Bb1 Ba6 14. Qd2 Bxf1 15.
Qxb4 Be2 16. Qc3 c5 17. Qe3 Bxf3 18. Qxf3 cxd4 19. Qxd5 Nxe5 20. Qe4 Rc8 21.
Bxh6 Bxh6 22. Qxe5 Re8 0-1

[Event "Copenhagen Chess Challenge 2012"]
[Site "Ballerup"]
[Date "2012.??.??"]
[Round "8"]
[White "Haub, Thorsten Michael"]
[Black "Ziska, Helgi Dam"]
[Result "1/2-1/2"]
[WhiteElo "2476"]
[BlackElo "2450"]
[PlyCount "26"]
[EventDate "2012.??.??"]
[EventType "swiss"]
[EventRounds "9"]
[EventCountry "DEN"]

1. g3 e5 2. Bg2 d5 3. d3 g6 4. Nf3 Bg7 5. Nbd2 Ne7 6. O-O O-O 7. e4 Nbc6 8. c3
a5 9. a4 h6 10. exd5 Nxd5 11. Nc4 Re8 12. Re1 Bf5 13. Ra3 Nb6 1/2-1/2

[Event "Copenhagen Chess Challenge 2012"]
[Site "Ballerup"]
[Date "2012.??.??"]
[Round "8"]
[White "Semcesen, Daniel"]
[Black "Tikkanen, Hans"]
[Result "1/2-1/2"]
[WhiteElo "2461"]
[BlackElo "2566"]
[PlyCount "82"]
[EventDate "2012.??.??"]
[EventType "swiss"]
[EventRounds "9"]
[EventCountry "DEN"]

1. Nf3 Nf6 2. c4 g6 3. b3 Bg7 4. Bb2 O-O 5. g3 d6 6. d4 c6 7. Bg2 Qa5+ 8. Qd2
Qh5 9. Nc3 Bh6 10. e3 Bh3 11. Nh4 Bxg2 12. Nxg2 e5 13. dxe5 dxe5 14. Qe2 Qh3
15. f3 Rd8 16. O-O Nbd7 17. Rad1 Nc5 18. Rxd8+ Rxd8 19. Rd1 Qc8 20. Ba3 Bf8 21.
Bxc5 Bxc5 22. Rxd8+ Qxd8 23. Qc2 Bb4 24. Kf2 Qa5 25. Ne4 Nxe4+ 26. fxe4 g5 27.
Qe2 h6 28. h4 Kf8 29. a4 Qd8 30. h5 Qd2 31. Qxd2 Bxd2 32. Ke2 Bb4 33. g4 Ke7
34. Ne1 Bxe1 35. Kxe1 Kd6 36. b4 c5 37. b5 a5 38. Kd2 b6 39. Kd3 Ke6 40. Ke2
Kd6 41. Kd3 Ke6 1/2-1/2

[Event "Copenhagen Chess Challenge 2012"]
[Site "Ballerup"]
[Date "2012.??.??"]
[Round "8"]
[White "Andersen, Mads"]
[Black "Hector, Jonny"]
[Result "1/2-1/2"]
[WhiteElo "2431"]
[BlackElo "2560"]
[PlyCount "112"]
[EventDate "2012.??.??"]
[EventType "swiss"]
[EventRounds "9"]
[EventCountry "DEN"]

1. d4 d5 2. c4 c6 3. Nf3 Nf6 4. e3 Bf5 5. Nc3 e6 6. Nh4 Be4 7. f3 Bg6 8. Qb3
Qb6 9. Nxg6 hxg6 10. Bd2 Nbd7 11. g3 Be7 12. O-O-O g5 13. Qc2 g4 14. f4 g6 15.
h4 Nh5 16. Rg1 f5 17. Kb1 Kf7 18. Be1 Ndf6 19. Bf2 a5 20. Bd3 Rhd8 21. c5 Qa7
22. Na4 Nd7 23. Rc1 Rdc8 24. Ka1 b6 25. cxb6 Nxb6 26. Nc5 Nd7 27. Nxd7 Qxd7 28.
Qa4 Qb7 29. Rc3 Qb4 30. Qc2 c5 31. dxc5 Rxc5 32. Rxc5 Bxc5 33. Rc1 Rb8 34. Be1
Qb6 35. Bxa5 Qxa5 36. Qxc5 Qxc5 37. Rxc5 Nxg3 38. a4 Ne4 39. Rc7+ Kf6 40. a5 g3
41. Rc2 Nf2 42. Bf1 Nd1 43. Re2 e5 44. a6 Rb4 45. b3 Rxb3 46. a7 Nc3 47. Re1
Ra3+ 48. Kb2 Rxa7 49. fxe5+ Kxe5 50. Kxc3 Ra4 51. Kd3 Rxh4 52. Ke2 Ra4 53. Kf3
Ra3 54. Kxg3 d4 55. Kf2 dxe3+ 56. Rxe3+ Rxe3 1/2-1/2

[Event "Copenhagen Chess Challenge 2012"]
[Site "Ballerup"]
[Date "2012.??.??"]
[Round "8"]
[White "Minko, Vladimir"]
[Black "Danielsen, Henrik"]
[Result "1/2-1/2"]
[WhiteElo "2188"]
[BlackElo "2498"]
[PlyCount "47"]
[EventDate "2012.??.??"]
[EventType "swiss"]
[EventRounds "9"]
[EventCountry "DEN"]

1. d4 d6 2. g3 g6 3. Bg2 Bg7 4. Nf3 Nf6 5. c4 O-O 6. Nc3 Nbd7 7. O-O e5 8. h3
exd4 9. Nxd4 Re8 10. e4 Nc5 11. Re1 Bd7 12. Bf4 h6 13. Qc2 Nh7 14. Be3 Qc8 15.
Kh2 Ng5 16. f4 Nxh3 17. Qe2 h5 18. Qf1 h4 19. Bxh3 hxg3+ 20. Kxg3 Nxe4+ 21.
Nxe4 Rxe4 22. Qh1 Rxe3+ 23. Rxe3 Bxd4 24. Re7 1/2-1/2

[Event "Copenhagen Chess Challenge 2012"]
[Site "Ballerup"]
[Date "2012.??.??"]
[Round "8"]
[White "Brynell, Stellan"]
[Black "Carstensen, Jacob"]
[Result "1-0"]
[WhiteElo "2489"]
[BlackElo "2305"]
[PlyCount "97"]
[EventDate "2012.??.??"]
[EventType "swiss"]
[EventRounds "9"]
[EventCountry "DEN"]

1. d4 Nf6 2. c4 e6 3. Nf3 c5 4. d5 b5 5. Bg5 exd5 6. cxd5 d6 7. e4 a6 8. a4 Be7
9. Bxf6 Bxf6 10. axb5 Bxb2 11. Ra2 Bf6 12. Bd3 O-O 13. O-O Bb7 14. Nbd2 axb5
15. Rxa8 Bxa8 16. Bxb5 Nd7 17. Qa4 Nb6 18. Qa7 Qb8 19. Qxb8 Rxb8 20. Rb1 Bc3
21. Bd3 Bb4 22. Nc4 Nc8 23. Ne3 Ne7 24. Bc4 f6 25. g3 Rd8 26. Ra1 Bb7 27. Ra7
Rb8 28. Ba6 Bxa6 29. Rxa6 Nc8 30. Nc4 Kf8 31. Rc6 Ra8 32. Kg2 Bc3 33. Nxd6 Nxd6
34. Rxd6 Re8 35. Rc6 Rxe4 36. Rxc5 Bb4 37. Rb5 g5 38. h4 g4 39. Nh2 Bd6 40. Nf1
h5 41. Ne3 Rb4 42. Rxb4 Bxb4 43. f3 gxf3+ 44. Kxf3 Bd6 45. Nf5 Be5 46. g4 hxg4+
47. Kxg4 Kf7 48. h5 Bc3 49. Kf3 1-0

[Event "Copenhagen Chess Challenge 2012"]
[Site "Ballerup"]
[Date "2012.??.??"]
[Round "8"]
[White "Stefansson, Hannes"]
[Black "Westerinen, Heikki"]
[Result "1-0"]
[WhiteElo "2516"]
[BlackElo "2335"]
[PlyCount "79"]
[EventDate "2012.??.??"]
[EventType "swiss"]
[EventRounds "9"]
[EventCountry "DEN"]

1. e4 e6 2. d4 d5 3. Nc3 Bb4 4. e5 Ne7 5. a3 Bxc3+ 6. bxc3 b6 7. Qg4 Ng6 8. h4
h5 9. Qd1 Ba6 10. Bg5 Qd7 11. Bxa6 Nxa6 12. Ne2 Ne7 13. Nf4 g6 14. Qf3 Nf5 15.
Bf6 Rf8 16. a4 Qc6 17. Qd3 Qc4 18. Qxc4 dxc4 19. d5 exd5 20. Nxd5 Kd7 21. O-O-O
Kc6 22. Rhe1 Rfe8 23. f3 Nc5 24. g4 hxg4 25. fxg4 Nh6 26. Rd4 Nxa4 27. Bg7 Nxg4
28. Nb4+ Kb5 29. Nd5 Kc6 30. Ree4 Nh2 31. Rf4 Rad8 32. Rf6+ Kc5 33. Rxf7 c6 34.
Nc7 Rc8 35. Nxe8 Rxe8 36. Kd2 b5 37. Bf8+ Kb6 38. Bd6 c5 39. Bc7+ Ka6 40. Rd8
1-0

[Event "Copenhagen Chess Challenge 2012"]
[Site "Ballerup"]
[Date "2012.??.??"]
[Round "8"]
[White "Bromann, Thorbjorn"]
[Black "Hagen, Andreas Skytte"]
[Result "0-1"]
[WhiteElo "2411"]
[BlackElo "2445"]
[PlyCount "82"]
[EventDate "2012.??.??"]
[EventType "swiss"]
[EventRounds "9"]
[EventCountry "DEN"]

1. e4 e5 2. Nf3 Nc6 3. Bc4 Bc5 4. c3 Nf6 5. d4 exd4 6. e5 d5 7. Bb5 Ne4 8. cxd4
Bb6 9. O-O O-O 10. h3 f5 11. Nc3 Ne7 12. Na4 Ng6 13. Bd3 Bd7 14. Nxb6 axb6 15.
Kh2 h6 16. Qe2 Rf7 17. Ne1 Nf8 18. g3 Ne6 19. Nc2 c5 20. f3 cxd4 21. fxe4 dxe4
22. Bxe4 fxe4 23. Rxf7 Kxf7 24. Qxe4 Bc6 25. Qf5+ Ke7 26. Nb4 Qf8 27. g4 g6 28.
Qf6+ Qxf6 29. exf6+ Kxf6 30. Bxh6 g5 31. Rf1+ Kg6 32. h4 gxh4 33. Bd2 Re8 34.
Kh3 Nc5 35. Rf4 Ne4 36. Bc1 Ng5+ 37. Kxh4 Re1 38. Nxc6 bxc6 39. Bd2 Rd1 40. Bb4
c5 41. Ba3 Rd3 0-1

[Event "Copenhagen Chess Challenge 2012"]
[Site "Ballerup"]
[Date "2012.??.??"]
[Round "8"]
[White "Fries Nielsen, Niels Jorgen"]
[Black "Hove, Esben Kjems"]
[Result "0-1"]
[WhiteElo "2326"]
[BlackElo "2247"]
[PlyCount "130"]
[EventDate "2012.??.??"]
[EventType "swiss"]
[EventRounds "9"]
[EventCountry "DEN"]

1. g3 d5 2. Bg2 c6 3. d3 Nf6 4. Nd2 e5 5. b3 Bc5 6. e3 Bg4 7. Ne2 Nbd7 8. h3
Bh5 9. Bb2 Bg6 10. a3 Qe7 11. O-O O-O 12. Kh2 Rfe8 13. Qe1 Bb6 14. Rc1 a5 15.
e4 dxe4 16. dxe4 Nc5 17. Nc4 Bc7 18. f3 Nfd7 19. Bc3 b6 20. Ne3 Ne6 21. Ra1 Qc5
22. Nc1 f6 23. Nd3 Qf8 24. h4 Ndc5 25. Nb2 Nd4 26. Nbc4 Bf7 27. Rc1 Nb7 28. a4
b5 29. axb5 cxb5 30. Nb2 Red8 31. Kh1 a4 32. bxa4 bxa4 33. Bb4 Bd6 34. Nd3 Nc5
35. Bxc5 Bxc5 36. Nd5 Ba3 37. Rb1 Nxc2 38. Qd2 Nd4 39. f4 Bxd5 40. exd5 Qd6 41.
fxe5 fxe5 42. Rbe1 Nb3 43. Qg5 h6 44. Qg4 Nd2 45. Rf2 e4 46. Rxd2 exd3 47. Rxd3
Bb2 48. Re6 Qc5 49. Rc6 Qe7 50. Re6 Qc5 51. Rc6 Qe7 52. Be4 a3 53. Rxh6 a2 54.
Qg6 a1=Q+ 55. Kh2 Qxe4 56. Qxe4 gxh6 57. Qe6+ Kh7 58. h5 Bg7 59. Rf3 Qa2+ 60.
Kh3 Qxd5 61. Qg6+ Kh8 62. Rf7 Qe5 63. Rf5 Qe8 64. Rf7 Qe5 65. Rf5 Qb2 0-1

[Event "Copenhagen Chess Challenge 2012"]
[Site "Ballerup"]
[Date "2012.??.??"]
[Round "8"]
[White "Sylvan, Jacob"]
[Black "Matthiesen, Martin"]
[Result "1/2-1/2"]
[WhiteElo "2310"]
[BlackElo "2310"]
[PlyCount "63"]
[EventDate "2012.??.??"]
[EventType "swiss"]
[EventRounds "9"]
[EventCountry "DEN"]

1. d4 Nf6 2. c4 g6 3. g3 Bg7 4. Bg2 d5 5. cxd5 Nxd5 6. Nf3 Nb6 7. Nc3 Nc6 8. e3
O-O 9. O-O Re8 10. Qe2 e5 11. dxe5 Nxe5 12. Nxe5 Bxe5 13. Rd1 Qe7 14. e4 Bg7
15. Be3 Be6 16. Bd4 Rad8 17. Bxg7 Kxg7 18. b3 Qb4 19. Nb5 c6 20. Nc7 Rxd1+ 21.
Rxd1 Re7 22. Qb2+ f6 23. Qd4 Qxd4 24. Nxe6+ Rxe6 25. Rxd4 Re7 26. f4 Rd7 27.
Rxd7+ Nxd7 28. Kf2 Kf7 29. Ke3 Ke7 30. Kd4 Kd6 31. b4 b6 32. Kc4 1/2-1/2

[Event "Copenhagen Chess Challenge 2012"]
[Site "Ballerup"]
[Date "2012.??.??"]
[Round "8"]
[White "Pedersen, Nicolai Vesterbaek"]
[Black "Thuesen, Mogens Henrik"]
[Result "1-0"]
[WhiteElo "2465"]
[BlackElo "2242"]
[PlyCount "39"]
[EventDate "2012.??.??"]
[EventType "swiss"]
[EventRounds "9"]
[EventCountry "DEN"]

1. Nf3 f5 2. d4 Nf6 3. g3 g6 4. Bg2 Bg7 5. O-O O-O 6. b4 d6 7. Bb2 c6 8. Nbd2
Na6 9. a3 Nc7 10. c4 Qe8 11. Qb3 h6 12. Rac1 d5 13. Ne5 Be6 14. Qc2 dxc4 15.
Ndxc4 Rd8 16. Na5 Bd5 17. Nxb7 Rc8 18. Na5 Ng4 19. Nxg4 fxg4 20. e4 1-0

[Event "Copenhagen Chess Challenge 2012"]
[Site "Ballerup"]
[Date "2012.??.??"]
[Round "8"]
[White "Maack, Kjartan"]
[Black "Teplyi, Igor"]
[Result "1/2-1/2"]
[WhiteElo "2133"]
[BlackElo "2388"]
[PlyCount "112"]
[EventDate "2012.??.??"]
[EventType "swiss"]
[EventRounds "9"]
[EventCountry "DEN"]

1. c4 g6 2. g3 Bg7 3. Bg2 e5 4. Nc3 f5 5. d3 d6 6. e3 Nf6 7. Nf3 c6 8. O-O O-O
9. Rb1 h6 10. e4 g5 11. exf5 Bxf5 12. b4 Nbd7 13. Ne1 a6 14. a4 Qc7 15. Be3 Kh8
16. Nc2 Be6 17. Ne4 Nxe4 18. Bxe4 d5 19. cxd5 cxd5 20. Bg2 Rac8 21. Na3 Qd6 22.
Bd2 Nf6 23. a5 Bf5 24. Qb3 e4 25. b5 Qd7 26. Bb4 Rfd8 27. bxa6 bxa6 28. d4 Rb8
29. Qd1 e3 30. Rb3 exf2+ 31. Rxf2 Ne4 32. Bxe4 dxe4 33. Bc5 Bg4 34. Qb1 Rxb3
35. Qxb3 Bxd4 36. Bxd4+ Qxd4 37. Nc2 Qa7 38. Ne3 Bf3 39. Qb6 Qxb6 40. axb6 a5
41. Rc2 Rb8 42. Nc4 e3 43. Nxe3 Rxb6 44. Ra2 Ra6 45. Kf2 Bc6 46. Ke2 a4 47. Ra3
Rb6 48. h4 gxh4 49. gxh4 Rb4 50. Nf5 Kh7 51. Rc3 Rb2+ 52. Kd3 Bb5+ 53. Ke4 Rb3
54. Rc7+ Kg6 55. Ke5 Bd3 56. Rc6+ Kh7 1/2-1/2

[Event "Copenhagen Chess Challenge 2012"]
[Site "Ballerup"]
[Date "2012.??.??"]
[Round "8"]
[White "Christensen, Tobias"]
[Black "Pedersen, Sven"]
[Result "1-0"]
[WhiteElo "2363"]
[BlackElo "2125"]
[PlyCount "59"]
[EventDate "2012.??.??"]
[EventType "swiss"]
[EventRounds "9"]
[EventCountry "DEN"]

1. e4 c5 2. Nf3 e6 3. Nc3 d5 4. exd5 exd5 5. Bb5+ Nc6 6. d4 a6 7. Bxc6+ bxc6 8.
O-O Bd6 9. dxc5 Bxc5 10. Na4 Bd6 11. Qd4 Qf6 12. Re1+ Be6 13. Bg5 Qg6 14. Nb6
Rb8 15. Nc4 Be7 16. Qe5 Rd8 17. Bxe7 Nxe7 18. Nd6+ Kd7 19. Nb7 Rc8 20. Nc5+ Ke8
21. Ng5 Qf6 22. Qxf6 gxf6 23. Ngxe6 fxe6 24. Rxe6 Kf7 25. Rae1 Ng6 26. Nd7 Rc7
27. Rxf6+ Kg7 28. Rd6 Kh6 29. Ne5 Rb8 30. b3 1-0

[Event "Copenhagen Chess Challenge 2012"]
[Site "Ballerup"]
[Date "2012.??.??"]
[Round "8"]
[White "Fries Nielsen, Jens Ove"]
[Black "Rydstrom, Tom"]
[Result "1-0"]
[WhiteElo "2363"]
[BlackElo "2037"]
[PlyCount "41"]
[EventDate "2012.??.??"]
[EventType "swiss"]
[EventRounds "9"]
[EventCountry "DEN"]

1. g3 d5 2. Bg2 Nf6 3. d3 e6 4. f4 Be7 5. Nf3 O-O 6. O-O b6 7. c4 Bb7 8. Ne5 c5
9. Nc3 Qc8 10. e4 dxe4 11. dxe4 Nc6 12. Nxc6 Bxc6 13. g4 Nd7 14. g5 f5 15. Qe2
Kh8 16. a4 Bd6 17. Ra3 Bc7 18. Nb5 e5 19. Rh3 g6 20. exf5 Bxg2 21. Qxg2 1-0

[Event "Copenhagen Chess Challenge 2012"]
[Site "Ballerup"]
[Date "2012.??.??"]
[Round "8"]
[White "Jacobsen, Bo"]
[Black "Yildiz, Hasan"]
[Result "1-0"]
[WhiteElo "2337"]
[BlackElo "2032"]
[PlyCount "119"]
[EventDate "2012.??.??"]
[EventType "swiss"]
[EventRounds "9"]
[EventCountry "DEN"]

1. c4 Nf6 2. g3 c5 3. Bg2 Nc6 4. Nc3 g6 5. e3 Bg7 6. Nge2 O-O 7. d4 cxd4 8.
exd4 d6 9. h3 a6 10. O-O Qc7 11. Be3 Bd7 12. Rc1 Rab8 13. Qd2 e6 14. b3 Ne7 15.
Bf4 e5 16. Bg5 Bc6 17. Nd5 Bxd5 18. cxd5 Qd7 19. dxe5 dxe5 20. g4 Nexd5 21.
Rfd1 Nb6 22. Qd6 Qxd6 23. Rxd6 Nc8 24. Rxc8 Rfxc8 25. Bxf6 Bxf6 26. Rxf6 Kg7
27. g5 Rc2 28. Ng3 Rxa2 29. Bd5 Rf8 30. Bxb7 Ra5 31. Rd6 Rb5 32. Bd5 h6 33. h4
hxg5 34. hxg5 a5 35. Ne4 Rbb8 36. Ra6 Rbc8 37. Rxa5 Rc7 38. Bc4 Re7 39. Kg2 Rd8
40. Kf3 Rd4 41. Ra8 Red7 42. Nf6 Rd8 43. Ra7 Rf8 44. Ne4 Rdd8 45. Nf6 Rd4 46.
Re7 Rf4+ 47. Kg3 Rf5 48. Ne4 Rd8 49. f3 Rd4 50. Rc7 Kf8 51. b4 Rxe4 52. fxe4
Rxg5+ 53. Kf3 f5 54. b5 Ke8 55. b6 Kd8 56. Rc5 fxe4+ 57. Kxe4 Rg1 58. b7 Rg4+
59. Kd5 Rd4+ 60. Ke6 1-0

[Event "Copenhagen Chess Challenge 2012"]
[Site "Ballerup"]
[Date "2012.??.??"]
[Round "8"]
[White "Eriksson, Christian Altenburg"]
[Black "Jorgensen, Carina Eilegaard"]
[Result "0-1"]
[WhiteElo "2149"]
[BlackElo "2028"]
[PlyCount "64"]
[EventDate "2012.??.??"]
[EventType "swiss"]
[EventRounds "9"]
[EventCountry "DEN"]

1. e4 d6 2. d4 Nf6 3. Nc3 g6 4. Nf3 Bg7 5. Be2 O-O 6. O-O b6 7. Re1 c5 8. d5
Na6 9. Bc4 Nc7 10. Bg5 h6 11. Bh4 g5 12. Bg3 Nh5 13. e5 Nxg3 14. hxg3 g4 15.
Nh2 h5 16. Qd2 Bf5 17. Qg5 Bg6 18. f4 e6 19. dxe6 Qxg5 20. fxg5 Bxe5 21. Nd5
Nxd5 22. Bxd5 Rae8 23. exf7+ Bxf7 24. Bxf7+ Rxf7 25. c3 Ref8 26. Nf1 Kg7 27.
Nd2 Bxg3 28. Re6 d5 29. Rd1 Bf4 30. Nf1 g3 31. Rxd5 h4 32. Rh6 Bxg5 0-1